Normal view MARC view
  • Ramé Goméz, María

Entry Nombre Personal

Number of records used in: 1

001 - NUMERO DE CONTROL

  • campo de control: 51789

003 - IDENTIFICADOR DE NUMERO DE CONTROL

  • campo de control: MX-MxUPN

005 - FECHA Y HORA DE LA ÜLTIMA TRANSACCIÓN

  • campo de control: 20240430125305.0

008 - DATOS DE LONGITUD FIJA

  • campo de control de longitud fija: 240430nn fnnnnaabn n aaa d

040 ## - FUENTE DE CATALOGACIÓN

  • Agencia original de catalogación: MX-MxUPN
  • Lenguaje de catalogación: spa

100 1# - ENCABEZAMIENTO - NOMBRE PERSONAL

  • Nombre personal: Ramé Goméz, María

400 1# - VEÁSE - NOMBRE DE PERSONA

  • Personal name: Goméz, María Ramé

670 ## - FUENTE EN LA QUE SE LOCALIZARON DATOS

  • Cita de la fuente: Análisis y propuestas para el fortalecimiento del programa de educación inicial del CONAFE, 2017 :
  • Información localizada: portada (María Ramé Goméz)

902 ## - CATALOGADOR

  • Catalogador: VíctorGodínez/300424